Seleção de contos populares portugueses (Registo nº 4503)

Detalhes MARC
000 -Etiqueta do registo
Cabeçalho 00769nam0a2200265 4500
005 - Identificador da versão
Campo de controlo 20240813122104.0
010 ## - Número internacional normalizado dos livros (ISBN)
Número (ISBN) 9789720726834
021 ## - Número do Depósito Legal
Código do país PT
Número 361326/13
100 ## - Dados gerais de processamento
Dados gerais de processamento 20161103d2014 cd y0pory50030103ba
102 ## - Pais de publicação ou produção
País de publicação Portugal
101 0# - Língua de publicação
Língua do texto, banda sonora, etc. Português
215 ## - Descrição física 
Indicação específica da natureza do documento e extensão da espécie 39 p.
Outras indicações físicas il. color
200 1# - Titulo e menção de responsabilidade
Título próprio Seleção de contos populares portugueses
Primeira menção de responsabilidade Adolfo Coelho
Outras menções de responsabilidade il. Rita Duque
225 1# - Colecção 
Título próprio da colecção Educação literária
210 ## - Publicação, Distribuição, etc. 
Lugar da edição, distribuição, etc. Porto
Nome do editor, distribuidor, etc. Porto Ed.
Data da publicação, distribuição, etc. 2014
300 ## - Notas gerais 
Texto da nota Metas Curriculares
606 ## - Nome comum usado como assunto
Número de registo de entrada de autoridade 0001335
Palavra de ordem Literatura portuguesa
Subdivisão de assunto Conto
Código do sistema CA
675 ## - Classificação Decimal Universal (CDU)
Notação 821.134.3-34
Edição 3ª ed.
Língua da edição por
702 #1 - Nome de autor-pessoa física (responsabilidade secundária)
Número de registo de entrada de autoridade 0001391
Palavra de ordem Duque
Outra parte do nome não tomada para palavra de ordem Rita
Código de função Ilustrador / Técnico de desenho computorizado
700 #1 - Nome de autor-pessoa física (responsabilidade principal)
Número de registo de entrada de autoridade 0001389
Palavra de ordem Coelho
Outra parte do nome não tomada para palavra de ordem Adolfo
Datas 1847-1919
966 ## - Identificação da Biblioteca
Sigla EBVEN
942 ## - Elementos de entrada adicionados (Koha)
Tipo de item no Koha Livro
Exemplares
Situação do levantamento Origin of item (home branch) (coded) Biblioteca de empréstimo Código de barras Cota Circulation type (not for loan) Tipo de documento Nota do exemplar Damaged status
  Biblioteca Escolar das Vendas Biblioteca Escolar das Vendas BEV2523 8POR COE MET   Livro Sem mensagem  
  Biblioteca Escolar das Vendas Biblioteca Escolar das Vendas BEV2522 8POR COE MET   Livro Sem mensagem